[Event "Ndola Copperbelt Elite"]
[Site "Ndola"]
[Date "2016.12.24"]
[Round "1"]
[White "Nsakanya, Chanda"]
[Black "Mubanga, Mwandu"]
[Result "1-0"]
[WhiteElo "2021"]
[BlackElo "2048"]
[PlyCount "97"]
[EventDate "2016.12.24"]
[EventType "tourn"]
[EventRounds "9"]
[EventCountry "ZAM"]
[SourceTitle "EXT 2018"]
[Source "ChessBase"]
[SourceDate "2017.10.13"]
[SourceVersion "1"]
[SourceVersionDate "2017.10.13"]
[SourceQuality "1"]

1. d4 Nf6 2. c4 g6 3. Nc3 Bg7 4. e4 d6 5. f3 0-0 6. Bg5 c5 7. d5 Na6 8. Bd3 Nc7 9. Nge2 a6 10. a4 Rb8 11. 0-0 Bd7 12. a5 b5 13. b3 h6 14. Be3 b4 15. Na4 e6 16. Qd2 Kh7 17. Nb6 e5 18. f4 Ng4 19. f5 gxf5 20. Nxd7 Qxd7 21. Rxf5 Ne8 22. Raf1 Nef6 23. h3 Nxe3 24. Qxe3 Ng8 25. Qf3 f6 26. Ng3 Qe8 27. Rh5 Ne7 28. Nf5 Nxf5 29. Qxf5+ Qg6 30. Rh4 Qxf5 31. Rxf5 Rg8 32. Rg4 Bh8 33. Be2 Rg5 34. Rgxg5 hxg5 35. Bg4 Kg6 36. Rf1 Bg7 37. Kf2 Bf8 38. Kg3 Be7 39. Bf5+ Kg7 40. Kg4 Bd8 41. Bd7 Kf7 42. Ra1 Ke7 43. Be6 Bc7 44. Kh5 Rh8+ 45. Kg6 Rf8 46. Kg7 Rb8 47. g3 Bd8 48. h4 gxh4 49. gxh4 1-0